000 00659nam a2200181 a 4500
001 BRCA_1070
005 20190320203251.0
008 190508s1996----uk-a---###---#000-0#spa-#
020 _a9589593313
050 4 _aND379.V3
_b.G74 1996
245 1 0 _aGregorio Vásquez de Arce y Ceballos
_bcolección de obras.
260 _aColombia
_bInstituto Colombiano de Cultura : Museo de Arte Colonial
_c1996
300 _a189 p.
_bil. a color
_c23 cm.
610 2 4 _aMuseo de Arte Colonial (Colombia)
_vCatálogos
_xColecciones de pintura
_93524
650 1 4 _aPintures colombianos
_ySiglos XVII
_93525
650 1 4 _aPintura religiosa
_ySiglo XVII
_zColombia
_93526
942 _2lcc
_cB
999 _c949
_d949